Социологические методы в маркетинговых исследованиях: учебное пособие

Bibliografiska uppgifter
Huvudupphovsman: Власова М. Л. Марина Львовна
Sammanfattning:В учебном пособии рассматривается комплекс маркетинга с позиции исследователя, использующего социологические и социально-психологические методы сбора и анализа информации. Книга дает представление о том, какие методы исследования наиболее адекватны для решения тех или иных маркетинговых задач. Для студентов-социологов, маркетологов, специалистов, в чьи функции входит постановка проблемы перед исследовательскими компаниями и работа с результатами маркетинговых исследований.
Språk:ryska
Publicerad: Москва, ГУ ВШЭ, 2005
Serie:Учебники высшей школы экономики
Ämnen:
Materialtyp: Bok
KOHA link:https://koha.lib.tpu.ru/cgi-bin/koha/opac-detail.pl?biblionumber=104896

MARC

LEADER 00000nam0a2200000 4500
001 104896
005 20231031114208.0
010 |a 5759803174 
035 |a (RuTPU)RU\TPU\book\113111 
090 |a 104896 
100 |a 20061109d2005 m y0rusy50 ca 
101 0 |a rus 
102 |a RU 
105 |a a j 001zy 
200 1 |a Социологические методы в маркетинговых исследованиях  |e учебное пособие  |f М. Л. Власова 
210 |a Москва  |c ГУ ВШЭ  |d 2005 
215 |a 710 с.  |c ил. 
225 1 |a Учебники высшей школы экономики 
320 |a Библиография в конце глав. 
330 |a В учебном пособии рассматривается комплекс маркетинга с позиции исследователя, использующего социологические и социально-психологические методы сбора и анализа информации. Книга дает представление о том, какие методы исследования наиболее адекватны для решения тех или иных маркетинговых задач. Для студентов-социологов, маркетологов, специалистов, в чьи функции входит постановка проблемы перед исследовательскими компаниями и работа с результатами маркетинговых исследований. 
610 1 |a экономика 
610 1 |a социология 
610 1 |a маркетинг 
610 1 |a маркетинговые исследования 
610 1 |a социологический метод 
610 1 |a внешняя среда 
610 1 |a рынок 
610 1 |a сегментирование 
610 1 |a дифференцирование 
610 1 |a позиционирование 
610 1 |a новые продукты 
610 1 |a жизненный цикл 
610 1 |a потребление 
610 1 |a потребители 
610 1 |a принятие решений 
610 1 |a ценовые стратегии 
610 1 |a реклама 
610 1 |a сбыт 
610 1 |a PR 
610 1 |a розничная торговля 
610 1 |a оптовая торговля 
610 1 |a учебные пособия 
686 |a У9(2)212.4я73  |v LBC/SL-A  |2 rubbk 
686 |a С55.47я73  |v LBC/SL-A  |2 rubbk 
700 1 |a Власова  |b М. Л.  |g Марина Львовна 
801 1 |a RU  |b 63413507  |c 20061109  |g PSBO 
801 2 |a RU  |b 63413507  |c 20150519  |g PSBO 
942 |c BK 
959 |a 90/20061025  |d 2  |e 171,60  |f АНЛ:1  |f ЧЗГЛ:1